|
|
|
|
| LEADER |
01210Cam#a2200313#a#4500 |
| 001 |
021584 |
| 005 |
20250214144306.0 |
| 008 |
100419s2002||||mx a ### #000|d#spa#d |
| 020 |
|
|
|a 9681667182
|
| 040 |
|
|
|a AR-BeUNQ
|
| 082 |
0 |
4 |
|a 812
|2 21
|
| 100 |
1 |
|
|a Djerassi, Carl
|
| 245 |
0 |
2 |
|a Inmaculada concepción furtiva :
|b el sexo en la era de la reproducción mecánica
|c Carl Djerassi.
|
| 250 |
|
|
|a 1a. ed.
|
| 260 |
|
|
|a México, D. F. :
|b Fondo de Cultura Económica,
|c 2002.
|
| 300 |
|
|
|a 119 p. ;
|c 23 cm.
|
| 490 |
1 |
|
|a Sección de obras de ciencia y tecnología. Teatro
|
| 500 |
|
|
|a Traducción de: An Inmaculate Misconception. Sex in a Age of Mechanical Reproduction.
|
| 650 |
|
7 |
|a Literatura (Arte)
|2 spines
|
| 650 |
|
7 |
|a Literatura norteamericana
|2 ttll
|
| 650 |
|
7 |
|a Textos teatrales
|2 ttll
|
| 650 |
|
7 |
|a Etica de la ciencia
|2 spines
|
| 650 |
|
7 |
|a Inseminación artificial
|2 spines
|
| 650 |
|
7 |
|a Medicina
|2 spines
|
| 650 |
|
7 |
|a Médicos
|2 spines
|
| 830 |
|
0 |
|a Sección de obras de ciencia y tecnología (Fondo de Cultura Económica).
|
| 929 |
|
|
|a DONACION
|b Proveniente de: Dirección General de Relaciones Institucionales - UNQ
|e 20100325
|f PAT0033823
|g P133
|j 44691
|
| 942 |
|
|
|c LIB
|n 0
|
| 999 |
|
|
|c 20986
|d 96373
|